[Event "Manavgat Turkey Cup"]
[Site "Manavgat"]
[Date "2016.02.04"]
[Round "9"]
[White "Bal, Enes Emre"]
[Black "Hanay, Halit"]
[Result "1-0"]
[WhiteElo "1978"]
[BlackElo "1670"]
[PlyCount "55"]
[EventDate "2016.01.30"]
[EventType "swiss"]
[EventRounds "11"]
[EventCountry "TUR"]
[SourceTitle "CBM 170 Extra"]
[Source "ChessBase"]
[SourceDate "2016.02.25"]
[SourceVersion "1"]
[SourceVersionDate "2016.02.25"]
[SourceQuality "1"]

1. c4 e5 2. Nc3 g6 3. e4 Bg7 4. g3 Ne7 5. Bg2 0-0 6. Nge2 d6 7. 0-0 c5 8. d3 h6 9. a3 f5 10. Rb1 g5 11. exf5 Nxf5 12. b4 Nc6 13. bxc5 dxc5 14. Nd5 Rb8 15. Be3 Nfd4 16. Bxd4 cxd4 17. f4 gxf4 18. gxf4 Qh4 19. fxe5 Bxe5 20. Rxf8+ Kxf8 21. Ng3 Bg4 22. Qd2 Kg7 23. Qf2 Qg5 24. Rf1 Be6 25. Nf6 Qe3 26. Ngh5+ Kh8 27. Re1 Bd6 28. Rxe3 1-0